000 00321nam a2200133 i 4500
001 bg
100 1 _aREYKOWSKI, Janusz
245 0 _aZ zagadnień psychologii motywacji /
_cJanusz Reykowski.
260 _aWarszawa,
_c1970.
040 _cBPK
041 _apol
942 _cKS
008 s pl f |000 0 pol
999 _c20464
_d20464
856 _uhttp://koha.tu.koszalin.pl/cgi-bin/koha/opac-detail.pl?biblionumber=20464
_yKatalog online BPK